[Event "Stay Safe Play From Home 165"]
[Site "T#646231Emanuel Laske"]
[Date "2020.05.21"]
[Round "8"]
[White "Haris kollari 13"]
[Black "Tunca"]
[Result "0-1"]
[WhiteElo "1936"]
[BlackElo "1630"]
[Annotator "NA"]
[PlyCount "120"]
[EventDate "2020.05.21"]
[EventType "swiss (blitz)"]

1. e4 {[%emt 0:00:01]} Nf6 {[%emt 0:00:02]} 2. e5 {[%emt 0:00:02]} Nd5 {[%emt 0:00:01]} 3. c4 {[%emt 0:00:01]} Nb6 {[%emt 0:00:01]} 4. d4 {[%emt 0:00:01]} d6 {[%emt 0:00:01]} 5. f4 {[%emt 0:00:01]} g6 {[%emt 0:00:02]} 6. Nf3 {[%emt 0:00:01]} Bg7 {[%emt 0:00:01]} 7. Nc3 {[%emt 0:00:02]} Nc6 {[%emt 0:00:02]} 8. Be3 {[%emt 0:00:01]} Bg4 {[%emt 0:00:02]} 9. d5 {[%emt 0:00:03]} Nb8 {[%emt 0:00:10]} 10. Bd4 {[%emt 0:00:06]} dxe5 {[%emt 0:00:04]} 11. fxe5 {[%emt 0:00:02]} e6 {[%emt 0:00:11]} 12. h3 {[%emt 0:00:10]} Bxf3 {[%emt 0:00:13]} 13. Qxf3 {[%emt 0:00:04]} O-O {[%emt 0:00:06]} 14. O-O-O {[%emt 0:00:02]} N8d7 {[%emt 0:00:04]} 15. Be2 {[%emt 0:00:04]} Qg5+ {[%emt 0:00:11]} 16. Kb1 {[%emt 0:00:05]} Nxe5 {[%emt 0:00:01]} 17. Bxe5 {[%emt 0:00:09]} Qxe5 {[%emt 0:00:00]} 18. Rhe1 {[%emt 0:00:11]} Qf5+ {[%emt 0:00:25]} 19. Qxf5 {[%emt 0:00:02]} exf5 {[%emt 0:00:00]} 20. Nb5 {[%emt 0:00:07]} Be5 {[%emt 0:00:11]} 21. Bf3 {[%emt 0:00:03]} Nd7 {[%emt 0:00:16]} 22. b3 {[%emt 0:00:02]} a6 {[%emt 0:00:01]} 23. Na3 {[%emt 0:00:05]} Rfe8 {[%emt 0:00:01]} 24. Nc2 {[%emt 0:00:02]} Bf6 {[%emt 0:00:03]} 25. Nb4 {[%emt 0:00:06]} Nc5 {[%emt 0:00:01]} 26. Kc2 {[%emt 0:00:02]} Ne4 {[%emt 0:00:01]} 27. Bxe4 {[%emt 0:00:02]} fxe4 {[%emt 0:00:00]} 28. Re2 {[%emt 0:00:08]} Bg5 {[%emt 0:00:01]} 29. a4 {[%emt 0:00:09]} Re5 {[%emt 0:00:05]} 30. Na2 {[%emt 0:00:05]} Rae8 {[%emt 0:00:02]} 31. Rde1 {[%emt 0:00:04]} Bh4 {[%emt 0:00:04]} 32. Rf1 {[%emt 0:00:02]} e3 {[%emt 0:00:02]} 33. Rf3 {[%emt 0:00:04]} Bf2 {[%emt 0:00:02]} 34. Nc3 {[%emt 0:00:01]} f5 {[%emt 0:00:02]} 35. Kd3 {[%emt 0:00:02]} Kg7 {[%emt 0:00:02]} 36. Nd1 {[%emt 0:00:02]} Bg1 {[%emt 0:00:01]} 37. Rf1 {[%emt 0:00:16]} Bf2 {[%emt 0:00:08]} 38. Nxf2 {[%emt 0:00:03]} exf2 {[%emt 0:00:00]} 39. Rxe5 {[%emt 0:00:01]} Rxe5 {[%emt 0:00:00]} 40. Rxf2 {[%emt 0:00:01]} Kf6 {[%emt 0:00:00]} 41. Re2 {[%emt 0:00:08]} Rxe2 {[%emt 0:00:01]} 42. Kxe2 {[%emt 0:00:01]} Ke5 {[%emt 0:00:00]} 43. Ke3 {[%emt 0:00:01]} b6 {[%emt 0:00:02]} 44. b4 {[%emt 0:00:01]} g5 {[%emt 0:00:02]} 45. g3 {[%emt 0:00:01]} h5 {[%emt 0:00:01]} 46. Kf3 {[%emt 0:00:05]} f4 {[%emt 0:00:02]} 47. gxf4+ {[%emt 0:00:01]} gxf4 {[%emt 0:00:00]} 48. h4 {[%emt 0:00:01]} Kf5 {[%emt 0:00:01]} 49. c5 {[%emt 0:00:01]} Ke5 {[%emt 0:00:01]} 50. b5 {[%emt 0:00:01]} axb5 {[%emt 0:00:01]} 51. cxb6 {[%emt 0:00:01]} cxb6 {[%emt 0:00:00]} 52. axb5 {[%emt 0:00:01]} Kxd5 {[%emt 0:00:01]} 53. Kxf4 {[%emt 0:00:00]} Kc5 {[%emt 0:00:00]} 54. Kg5 {[%emt 0:00:00]} Kxb5 {[%emt 0:00:00]} 55. Kxh5 {[%emt 0:00:00]} Kc4 {[%emt 0:00:01]} 56. Kg6 {[%emt 0:00:00]} b5 {[%emt 0:00:00]} 57. h5 {[%emt 0:00:00]} b4 {[%emt 0:00:00]} 58. h6 {[%emt 0:00:00]} b3 {[%emt 0:00:00]} 59. h7 {[%emt 0:00:00]} b2 {[%emt 0:00:00]} 60. h8=Q {[%emt 0:00:00]} b1=Q+ {[%emt 0:00:00] Time (Lag: Av=0.43s, max=1.0s)} 0-1

[Event "Stay Safe Play From Home 165"]
[Site "T#646231Emanuel Laske"]
[Date "2020.05.21"]
[Round "8"]
[White "Dukic"]
[Black "Gavi"]
[Result "1-0"]
[WhiteElo "1888"]
[BlackElo "2064"]
[PlyCount "85"]
[EventDate "2020.05.21"]
[EventType "swiss (blitz)"]

1. c4 {[%emt 0:00:04]} Nf6 {[%emt 0:00:02]} 2. Nc3 {[%emt 0:00:02]} g6 {[%emt 0:00:02]} 3. g3 {[%emt 0:00:01]} d6 {[%emt 0:00:02]} 4. Bg2 {[%emt 0:00:01]} Bg7 {[%emt 0:00:00]} 5. Nf3 {[%emt 0:00:01]} O-O {[%emt 0:00:00]} 6. O-O {[%emt 0:00:01]} c6 {[%emt 0:00:04]} 7. d4 {[%emt 0:00:01]} Qa5 {[%emt 0:00:02]} 8. d5 {[%emt 0:00:02]} cxd5 {[%emt 0:00:02]} 9. cxd5 {[%emt 0:00:02]} Bd7 {[%emt 0:00:02]} 10. Nd4 {[%emt 0:00:01]} Rc8 {[%emt 0:00:03]} 11. Nb3 {[%emt 0:00:12]} Qd8 {[%emt 0:00:04]} 12. Be3 {[%emt 0:00:02]} Be8 {[%emt 0:00:03]} 13. Qd2 {[%emt 0:00:05]} Nbd7 {[%emt 0:00:02]} 14. Rac1 {[%emt 0:00:02]} Nb6 {[%emt 0:00:01]} 15. Bd4 {[%emt 0:00:10]} Nc4 {[%emt 0:00:02]} 16. Qc2 {[%emt 0:00:07]} b5 {[%emt 0:00:03]} 17. a3 {[%emt 0:00:06]} a5 {[%emt 0:00:04]} 18. Qb1 {[%emt 0:00:05]} b4 {[%emt 0:00:04]} 19. axb4 {[%emt 0:00:04]} axb4 {[%emt 0:00:00]} 20. Ne4 {[%emt 0:00:02]} Nxe4 {[%emt 0:00:02]} 21. Qxe4 {[%emt 0:00:06]} Bxd4 {[%emt 0:00:03]} 22. Qxd4 {[%emt 0:00:01]} Ne5 {[%emt 0:00:05]} 23. f4 {[%emt 0:00:02]} Ng4 {[%emt 0:00:03]} 24. h3 {[%emt 0:00:02]} Nf6 {[%emt 0:00:04]} 25. e4 {[%emt 0:00:01]} Ba4 {[%emt 0:00:10]} 26. Nd2 {[%emt 0:00:05]} Qa5 {[%emt 0:00:05]} 27. Nc4 {[%emt 0:00:02]} Qc5 {[%emt 0:00:07]} 28. Qf2 {[%emt 0:00:09]} Bb5 {[%emt 0:00:04]} 29. Nb6 {[%emt 0:00:07]} Qxc1 {[%emt 0:00:16]} 30. Rxc1 {[%emt 0:00:17]} Rxc1+ {[%emt 0:00:00]} 31. Kh2 {[%emt 0:00:01]} Raa1 {[%emt 0:00:01]} 32. e5 {[%emt 0:00:06]} Nd7 {[%emt 0:00:05]} 33. exd6 {[%emt 0:00:08]} exd6 {[%emt 0:00:02]} 34. Qe3 {[%emt 0:00:01]} Rc2 {[%emt 0:00:07]} 35. Qe8+ {[%emt 0:00:04]} Kg7 {[%emt 0:00:05]} 36. Nxd7 {[%emt 0:00:03]} Bxd7 {[%emt 0:00:02]} 37. Qxd7 {[%emt 0:00:01]} Rb1 {[%emt 0:00:01]} 38. Qxd6 {[%emt 0:00:05]} Rbxb2 {[%emt 0:00:01]} 39. Qe5+ {[%emt 0:00:01]} f6 {[%emt 0:00:04]} 40. Qe7+ {[%emt 0:00:02]} Kh6 {[%emt 0:00:01]} 41. Qf8+ {[%emt 0:00:02]} Kh5 {[%emt 0:00:04]} 42. g4+ {[%emt 0:00:01]} Kh4 {[%emt 0:00:02]} 43. Qh6# {[%emt 0:00:01] (Lag: Av=0.41s, max=0.7s)} 1-0

[Event "Stay Safe Play From Home 165"]
[Site "T#646231Emanuel Laske"]
[Date "2020.05.21"]
[Round "8"]
[White "Matanant"]
[Black "Mepe_Nika"]
[Result "1/2-1/2"]
[WhiteElo "1781"]
[BlackElo "2288"]
[PlyCount "141"]
[EventDate "2020.05.21"]
[EventType "swiss (blitz)"]

1. b3 {[%emt 0:00:04]} a5 {[%emt 0:00:03]} 2. Bb2 {[%emt 0:00:00]} a4 {[%emt 0:00:01]} 3. e3 {[%emt 0:00:02]} e6 {[%emt 0:00:01]} 4. f4 {[%emt 0:00:02]} a3 {[%emt 0:00:01]} 5. Bc3 {[%emt 0:00:04]} Nf6 {[%emt 0:00:01]} 6. Nf3 {[%emt 0:00:02]} Be7 {[%emt 0:00:02]} 7. Be2 {[%emt 0:00:04]} c6 {[%emt 0:00:02]} 8. O-O {[%emt 0:00:01]} b5 {[%emt 0:00:01]} 9. d3 {[%emt 0:00:02]} b4 {[%emt 0:00:01]} 10. Bd2 {[%emt 0:00:01]} c5 {[%emt 0:00:01]} 11. e4 {[%emt 0:00:01]} d6 {[%emt 0:00:02]} 12. h3 {[%emt 0:00:01]} Nc6 {[%emt 0:00:01]} 13. Be3 {[%emt 0:00:02]} d5 {[%emt 0:00:05]} 14. c4 {[%emt 0:00:05]} dxe4 {[%emt 0:00:02]} 15. dxe4 {[%emt 0:00:02]} Qxd1 {[%emt 0:00:01]} 16. Rxd1 {[%emt 0:00:04]} Nxe4 {[%emt 0:00:01]} 17. Ne5 {[%emt 0:00:04]} Bb7 {[%emt 0:00:05]} 18. Bf3 {[%emt 0:00:03]} Nxe5 {[%emt 0:00:02]} 19. fxe5 {[%emt 0:00:01]} O-O {[%emt 0:00:04]} 20. Nd2 {[%emt 0:00:02]} Nc3 {[%emt 0:00:45]} 21. Re1 {[%emt 0:00:03]} Bxf3 {[%emt 0:00:03]} 22. Nxf3 {[%emt 0:00:06]} Rad8 {[%emt 0:00:01]} 23. Bd2 {[%emt 0:00:17]} Rd3 {[%emt 0:00:06]} 24. Bxc3 {[%emt 0:00:02]} Rxc3 {[%emt 0:00:01]} 25. Red1 {[%emt 0:00:01]} Rd8 {[%emt 0:00:03]} 26. Rxd8+ {[%emt 0:00:02]} Bxd8 {[%emt 0:00:00]} 27. Rd1 {[%emt 0:00:01]} Be7 {[%emt 0:00:01]} 28. Rd7 {[%emt 0:00:02]} Bf8 {[%emt 0:00:05]} 29. Ng5 {[%emt 0:00:01]} Rc2 {[%emt 0:00:13]} 30. Nxf7 {[%emt 0:00:03]} Rxa2 {[%emt 0:00:02]} 31. Kh2 {[%emt 0:00:03]} Re2 {[%emt 0:00:11]} 32. Ra7 {[%emt 0:00:02]} a2 {[%emt 0:00:07]} 33. Nd8 {[%emt 0:00:02]} Rxe5 {[%emt 0:00:06]} 34. Rxa2 {[%emt 0:00:03]} Bd6 {[%emt 0:00:01]} 35. g3 {[%emt 0:00:04]} h5 {[%emt 0:00:05]} 36. Kg2 {[%emt 0:00:02]} Re3 {[%emt 0:00:02]} 37. g4 {[%emt 0:00:07]} h4 {[%emt 0:00:04]} 38. Ra8 {[%emt 0:00:07]} Kh7 {[%emt 0:00:03]} 39. Nb7 {[%emt 0:00:02]} Bg3 {[%emt 0:00:04]} 40. Nxc5 {[%emt 0:00:04]} Re2+ {[%emt 0:00:01]} 41. Kf3 {[%emt 0:00:02]} Rh2 {[%emt 0:00:01]} 42. g5 {[%emt 0:00:02]} Rxh3 {[%emt 0:00:02]} 43. Kg4 {[%emt 0:00:00]} Rh1 {[%emt 0:00:02]} 44. Ra7 {[%emt 0:00:02]} Bf2 {[%emt 0:00:05]} 45. Kh5 {[%emt 0:00:01]} Bxc5 {[%emt 0:00:03]} 46. g6+ {[%emt 0:00:02]} Kg8 {[%emt 0:00:00]} 47. Ra8+ {[%emt 0:00:04]} Bf8 {[%emt 0:00:01]} 48. c5 {[%emt 0:00:01]} h3 {[%emt 0:00:01]} 49. c6 {[%emt 0:00:01]} Rc1 {[%emt 0:00:01]} 50. Kg4 {[%emt 0:00:05]} h2 {[%emt 0:00:01]} 51. c7 {[%emt 0:00:02]} h1=Q {[%emt 0:00:00]} 52. c8=Q {[%emt 0:00:02]} Rxc8 {[%emt 0:00:00]} 53. Rxc8 {[%emt 0:00:01]} Qe4+ {[%emt 0:00:00]} 54. Kg5 {[%emt 0:00:01]} Qd5+ {[%emt 0:00:00]} 55. Kg4 {[%emt 0:00:03]} Qxb3 {[%emt 0:00:00]} 56. Rc6 {[%emt 0:00:02]} Qd5 {[%emt 0:00:00]} 57. Rc2 {[%emt 0:00:02]} b3 {[%emt 0:00:00]} 58. Rf2 {[%emt 0:00:03]} Qd4+ {[%emt 0:00:01]} 59. Kg3 {[%emt 0:00:02]} Qxf2+ {[%emt 0:00:00]} 60. Kxf2 {[%emt 0:00:01]} b2 {[%emt 0:00:00]} 61. Kf3 {[%emt 0:00:00]} b1=Q {[%emt 0:00:00]} 62. Kf4 {[%emt 0:00:02]} Qxg6 {[%emt 0:00:00]} 63. Ke5 {[%emt 0:00:01]} Qf5+ {[%emt 0:00:00]} 64. Kd4 {[%emt 0:00:02]} e5+ {[%emt 0:00:00]} 65. Kc4 {[%emt 0:00:01]} e4 {[%emt 0:00:00]} 66. Kd4 {[%emt 0:00:01]} Qf3 {[%emt 0:00:01]} 67. Kd5 {[%emt 0:00:01]} e3+ {[%emt 0:00:01]} 68. Ke6 {[%emt 0:00:00]} e2 {[%emt 0:00:01]} 69. Kd7 {[%emt 0:00:00]} e1=Q {[%emt 0:00:01]} 70. Kc8 {[%emt 0:00:00]} Qa8+ {[%emt 0:00:01]} 71. Kc7 {[%emt 0:00:00] Time (Lag: Av=0.60s, max=1.1s)} 1/2-1/2

[Event "Stay Safe Play From Home 165"]
[Site "T#646231Emanuel Laske"]
[Date "2020.05.21"]
[Round "8"]
[White "Timbre"]
[Black "W Nelles"]
[Result "1-0"]
[WhiteElo "1579"]
[BlackElo "1269"]
[Annotator "NA"]
[PlyCount "81"]
[EventDate "2020.05.21"]
[EventType "swiss (blitz)"]

1. d4 {[%emt 0:00:12]} d5 {[%emt 0:00:02]} 2. Nf3 {[%emt 0:00:01]} e6 {[%emt 0:00:03]} 3. c3 {[%emt 0:00:01]} Bd6 {[%emt 0:00:01]} 4. Bg5 {[%emt 0:00:03]} Ne7 {[%emt 0:00:04]} 5. e3 {[%emt 0:00:02]} O-O {[%emt 0:00:02]} 6. Bd3 {[%emt 0:00:02]} f6 {[%emt 0:00:01]} 7. Bh4 {[%emt 0:00:02]} Nf5 {[%emt 0:00:04]} 8. Bg3 {[%emt 0:00:05]} Nxg3 {[%emt 0:00:01]} 9. hxg3 {[%emt 0:00:02]} h6 {[%emt 0:00:02]} 10. Nbd2 {[%emt 0:00:01]} e5 {[%emt 0:00:03]} 11. dxe5 {[%emt 0:00:02]} fxe5 {[%emt 0:00:01]} 12. Bc2 {[%emt 0:00:02]} e4 {[%emt 0:00:02]} 13. Nd4 {[%emt 0:00:02]} Qf6 {[%emt 0:00:05]} 14. Qe2 {[%emt 0:00:02]} c5 {[%emt 0:00:02]} 15. Nb5 {[%emt 0:00:08]} a6 {[%emt 0:00:03]} 16. Nxd6 {[%emt 0:00:02]} Qxd6 {[%emt 0:00:02]} 17. Kf1 {[%emt 0:00:01]} b5 {[%emt 0:00:06]} 18. Kg1 {[%emt 0:00:02]} Qg6 {[%emt 0:00:07]} 19. Rf1 {[%emt 0:00:09]} Bg4 {[%emt 0:00:02]} 20. Qe1 {[%emt 0:00:04]} Nd7 {[%emt 0:00:02]} 21. Bd1 {[%emt 0:00:01]} Ne5 {[%emt 0:00:02]} 22. Bxg4 {[%emt 0:00:02]} Nxg4 {[%emt 0:00:04]} 23. Rh4 {[%emt 0:00:07]} Rae8 {[%emt 0:00:03]} 24. Nb3 {[%emt 0:00:03]} Qg5 {[%emt 0:00:13]} 25. Nxc5 {[%emt 0:00:02]} Nf6 {[%emt 0:00:11]} 26. a4 {[%emt 0:00:07]} bxa4 {[%emt 0:00:02]} 27. Nxa4 {[%emt 0:00:01]} Nh5 {[%emt 0:00:05]} 28. Qd1 {[%emt 0:00:03]} Nxg3 {[%emt 0:00:04]} 29. fxg3 {[%emt 0:00:08]} Rxf1+ {[%emt 0:00:06]} 30. Qxf1 {[%emt 0:00:02]} Qxe3+ {[%emt 0:00:01]} 31. Kh2 {[%emt 0:00:05]} Rf8 {[%emt 0:00:10]} 32. Qd1 {[%emt 0:00:05]} Qg5 {[%emt 0:00:10]} 33. Qd4 {[%emt 0:00:06]} Rf5 {[%emt 0:00:16]} 34. Nc5 {[%emt 0:00:04]} Qe7 {[%emt 0:00:08]} 35. Nxa6 {[%emt 0:00:18]} e3 {[%emt 0:00:02]} 36. Qd1 {[%emt 0:00:05]} e2 {[%emt 0:00:02]} 37. Qe1 {[%emt 0:00:14]} Rf1 {[%emt 0:00:05]} 38. Qd2 {[%emt 0:00:05]} e1=Q {[%emt 0:00:06]} 39. Qxd5+ {[%emt 0:00:02]} Rf7 {[%emt 0:00:06]} 40. Qa8+ {[%emt 0:00:02]} Rf8 {[%emt 0:00:03]} 41. Qd5+ {[%emt 0:00:02] Zeit (Lag: Av=0.44s, max=1.1s)} 1-0

[Event "Stay Safe Play From Home 165"]
[Site "T#646231Emanuel Laske"]
[Date "2020.05.21"]
[Round "9"]
[White "Mepe_Nika"]
[Black "Dukic"]
[Result "1-0"]
[WhiteElo "2272"]
[BlackElo "1913"]
[PlyCount "103"]
[EventDate "2020.05.21"]
[EventType "swiss (blitz)"]

1. e4 {[%emt 0:00:02]} c6 {[%emt 0:00:04]} 2. d4 {[%emt 0:00:02]} d6 {[%emt 0:00:01]} 3. Nc3 {[%emt 0:00:01]} Nd7 {[%emt 0:00:01]} 4. f4 {[%emt 0:00:01]} e5 {[%emt 0:00:01]} 5. Nf3 {[%emt 0:00:01]} Qc7 {[%emt 0:00:01]} 6. Be3 {[%emt 0:00:02]} Be7 {[%emt 0:00:01]} 7. Bc4 {[%emt 0:00:03]} Ngf6 {[%emt 0:00:01]} 8. Bb3 {[%emt 0:00:02]} O-O {[%emt 0:00:01]} 9. O-O {[%emt 0:00:01]} b5 {[%emt 0:00:02]} 10. a3 {[%emt 0:00:01]} Bb7 {[%emt 0:00:01]} 11. fxe5 {[%emt 0:00:03]} dxe5 {[%emt 0:00:02]} 12. d5 {[%emt 0:00:01]} Ng4 {[%emt 0:00:21]} 13. Bg5 {[%emt 0:00:06]} Bxg5 {[%emt 0:00:13]} 14. Nxg5 {[%emt 0:00:00]} Qb6+ {[%emt 0:00:01]} 15. Kh1 {[%emt 0:00:03]} Nf2+ {[%emt 0:00:01]} 16. Rxf2 {[%emt 0:00:01]} Qxf2 {[%emt 0:00:01]} 17. Qh5 {[%emt 0:00:16]} h6 {[%emt 0:00:03]} 18. Nf3 {[%emt 0:00:11]} Rae8 {[%emt 0:00:14]} 19. Rd1 {[%emt 0:00:40]} Nf6 {[%emt 0:00:02]} 20. Qf5 {[%emt 0:00:07]} cxd5 {[%emt 0:00:07]} 21. exd5 {[%emt 0:00:12]} e4 {[%emt 0:00:01]} 22. Nd4 {[%emt 0:00:02]} Qxf5 {[%emt 0:00:15]} 23. Nxf5 {[%emt 0:00:00]} a6 {[%emt 0:00:04]} 24. d6 {[%emt 0:00:05]} Re5 {[%emt 0:00:03]} 25. Ne7+ {[%emt 0:00:04]} Kh8 {[%emt 0:00:04]} 26. Ne2 {[%emt 0:00:09]} Rd8 {[%emt 0:00:07]} 27. Bxf7 {[%emt 0:00:02]} Rxe7 {[%emt 0:00:02]} 28. Bb3 {[%emt 0:00:09]} Red7 {[%emt 0:00:03]} 29. c3 {[%emt 0:00:03]} Rxd6 {[%emt 0:00:01]} 30. Nd4 {[%emt 0:00:01]} Re8 {[%emt 0:00:06]} 31. Kg1 {[%emt 0:00:01]} Ng4 {[%emt 0:00:02]} 32. Re1 {[%emt 0:00:01]} e3 {[%emt 0:00:01]} 33. h3 {[%emt 0:00:01]} Nf2 {[%emt 0:00:02]} 34. Nf5 {[%emt 0:00:02]} Rd2 {[%emt 0:00:02]} 35. Nxe3 {[%emt 0:00:01]} Nd3 {[%emt 0:00:07]} 36. Rd1 {[%emt 0:00:05]} Rxd1+ {[%emt 0:00:08]} 37. Nxd1 {[%emt 0:00:00]} Re2 {[%emt 0:00:03]} 38. c4 {[%emt 0:00:07]} Rxg2+ {[%emt 0:00:04]} 39. Kf1 {[%emt 0:00:01]} Rh2 {[%emt 0:00:04]} 40. cxb5 {[%emt 0:00:02]} axb5 {[%emt 0:00:02]} 41. a4 {[%emt 0:00:02]} Nxb2 {[%emt 0:00:01]} 42. Nf2 {[%emt 0:00:01]} bxa4 {[%emt 0:00:06]} 43. Ba2 {[%emt 0:00:00]} a3 {[%emt 0:00:01]} 44. Ke1 {[%emt 0:00:00]} Ba6 {[%emt 0:00:04]} 45. Ng4 {[%emt 0:00:01]} Rxh3 {[%emt 0:00:02]} 46. Kd2 {[%emt 0:00:00]} Bc4 {[%emt 0:00:02]} 47. Ne5 {[%emt 0:00:00]} Bxa2 {[%emt 0:00:01]} 48. Ng6+ {[%emt 0:00:00]} Kg8 {[%emt 0:00:02]} 49. Ne7+ {[%emt 0:00:01]} Kf7 {[%emt 0:00:01]} 50. Nc6 {[%emt 0:00:00]} Bd5 {[%emt 0:00:01]} 51. Ne5+ {[%emt 0:00:01]} Ke6 {[%emt 0:00:02]} 52. Ng4 {[%emt 0:00:00] Zeit (Lag: Av=0.35s, max=0.5s)} 1-0

[Event "Stay Safe Play From Home 165"]
[Site "T#646231Emanuel Laske"]
[Date "2020.05.21"]
[Round "9"]
[White "Lazieri3"]
[Black "Timbre"]
[Result "1-0"]
[WhiteElo "2041"]
[BlackElo "1584"]
[PlyCount "91"]
[EventDate "2020.05.21"]
[EventType "swiss (blitz)"]

1. e4 {[%emt 0:00:03]} c6 {[%emt 0:00:02]} 2. Nc3 {[%emt 0:00:01]} d5 {[%emt 0:00:01]} 3. exd5 {[%emt 0:00:12]} cxd5 {[%emt 0:00:02]} 4. d4 {[%emt 0:00:00]} Nc6 {[%emt 0:00:02]} 5. Nf3 {[%emt 0:00:00]} Nf6 {[%emt 0:00:01]} 6. Bf4 {[%emt 0:00:00]} Bg4 {[%emt 0:00:03]} 7. Be2 {[%emt 0:00:01]} e6 {[%emt 0:00:01]} 8. Ne5 {[%emt 0:00:02]} Bxe2 {[%emt 0:00:03]} 9. Nxe2 {[%emt 0:00:00]} Nxe5 {[%emt 0:00:01]} 10. Bxe5 {[%emt 0:00:01]} Bd6 {[%emt 0:00:02]} 11. Bxd6 {[%emt 0:00:01]} Qxd6 {[%emt 0:00:02]} 12. O-O {[%emt 0:00:00]} O-O {[%emt 0:00:02]} 13. Ng3 {[%emt 0:00:01]} Rac8 {[%emt 0:00:01]} 14. c3 {[%emt 0:00:01]} a6 {[%emt 0:00:01]} 15. Re1 {[%emt 0:00:04]} b5 {[%emt 0:00:02]} 16. a3 {[%emt 0:00:01]} a5 {[%emt 0:00:02]} 17. Re3 {[%emt 0:00:02]} b4 {[%emt 0:00:01]} 18. axb4 {[%emt 0:00:00]} axb4 {[%emt 0:00:02]} 19. Nh5 {[%emt 0:00:02]} Nxh5 {[%emt 0:00:03]} 20. Qxh5 {[%emt 0:00:00]} bxc3 {[%emt 0:00:02]} 21. bxc3 {[%emt 0:00:01]} Qf4 {[%emt 0:00:08]} 22. Rh3 {[%emt 0:00:09]} h6 {[%emt 0:00:02]} 23. Rg3 {[%emt 0:00:02]} Qf6 {[%emt 0:00:05]} 24. h3 {[%emt 0:00:06]} Rc4 {[%emt 0:00:06]} 25. Re1 {[%emt 0:00:10]} Rfc8 {[%emt 0:00:04]} 26. Ree3 {[%emt 0:00:02]} Ra8 {[%emt 0:00:12]} 27. Ref3 {[%emt 0:00:01]} Ra1+ {[%emt 0:00:15]} 28. Kh2 {[%emt 0:00:03]} Qe7 {[%emt 0:00:06]} 29. Qxh6 {[%emt 0:00:02]} g6 {[%emt 0:00:05]} 30. Rxg6+ {[%emt 0:00:14]} fxg6 {[%emt 0:00:05]} 31. Qxg6+ {[%emt 0:00:01]} Qg7 {[%emt 0:00:02]} 32. Qe8+ {[%emt 0:00:01]} Kh7 {[%emt 0:00:05]} 33. Rf7 {[%emt 0:00:01]} Rxc3 {[%emt 0:00:05]} 34. Rxg7+ {[%emt 0:00:02]} Kxg7 {[%emt 0:00:01]} 35. Qxe6 {[%emt 0:00:01]} Rd1 {[%emt 0:00:08]} 36. h4 {[%emt 0:00:07]} Rcd3 {[%emt 0:00:02]} 37. h5 {[%emt 0:00:07]} Rxd4 {[%emt 0:00:01]} 38. Qg6+ {[%emt 0:00:01]} Kf8 {[%emt 0:00:03]} 39. h6 {[%emt 0:00:03]} Rh4+ {[%emt 0:00:11]} 40. Kg3 {[%emt 0:00:01]} Rdd4 {[%emt 0:00:02]} 41. Qf6+ {[%emt 0:00:09]} Ke8 {[%emt 0:00:03]} 42. Qxh4 {[%emt 0:00:17]} Rxh4 {[%emt 0:00:04]} 43. Kxh4 {[%emt 0:00:00]} Kf7 {[%emt 0:00:01]} 44. Kg4 {[%emt 0:00:01]} Kg6 {[%emt 0:00:01]} 45. Kf4 {[%emt 0:00:01]} Kxh6 {[%emt 0:00:01]} 46. Ke5 {[%emt 0:00:01] Timbre resigns (Lag: Av=0.64s, max=1.1s)} 1-0

[Event "Stay Safe Play From Home 165"]
[Site "T#646231Emanuel Laske"]
[Date "2020.05.21"]
[Round "9"]
[White "Gavi"]
[Black "Matanant"]
[Result "1-0"]
[WhiteElo "2039"]
[BlackElo "1797"]
[PlyCount "98"]
[EventDate "2020.05.21"]
[EventType "swiss (blitz)"]

1. Nf3 {[%emt 0:00:02]} Nf6 {[%emt 0:00:02]} 2. d4 {[%emt 0:00:00]} d5 {[%emt 0:00:01]} 3. c4 {[%emt 0:00:00]} e6 {[%emt 0:00:01]} 4. Nc3 {[%emt 0:00:00]} c6 {[%emt 0:00:01]} 5. cxd5 {[%emt 0:00:00]} exd5 {[%emt 0:00:02]} 6. Bg5 {[%emt 0:00:00]} Be7 {[%emt 0:00:02]} 7. e3 {[%emt 0:00:01]} O-O {[%emt 0:00:01]} 8. Bd3 {[%emt 0:00:01]} h6 {[%emt 0:00:02]} 9. Bh4 {[%emt 0:00:02]} Be6 {[%emt 0:00:01]} 10. Rb1 {[%emt 0:00:04]} Qd7 {[%emt 0:00:02]} 11. b4 {[%emt 0:00:01]} Bf5 {[%emt 0:00:01]} 12. O-O {[%emt 0:00:03]} Bxd3 {[%emt 0:00:02]} 13. Qxd3 {[%emt 0:00:00]} a6 {[%emt 0:00:02]} 14. a4 {[%emt 0:00:02]} Ne8 {[%emt 0:00:09]} 15. Bxe7 {[%emt 0:00:02]} Qxe7 {[%emt 0:00:01]} 16. b5 {[%emt 0:00:00]} axb5 {[%emt 0:00:01]} 17. axb5 {[%emt 0:00:01]} Nd7 {[%emt 0:00:02]} 18. bxc6 {[%emt 0:00:02]} bxc6 {[%emt 0:00:01]} 19. Rb7 {[%emt 0:00:02]} Nd6 {[%emt 0:00:01]} 20. Rc7 {[%emt 0:00:05]} Rfc8 {[%emt 0:00:02]} 21. Rxc8+ {[%emt 0:00:02]} Rxc8 {[%emt 0:00:01]} 22. Na4 {[%emt 0:00:02]} Nc4 {[%emt 0:00:04]} 23. Rc1 {[%emt 0:00:05]} Qb4 {[%emt 0:00:05]} 24. Qc2 {[%emt 0:00:13]} Ra8 {[%emt 0:00:13]} 25. Nc3 {[%emt 0:00:03]} Ra3 {[%emt 0:00:06]} 26. h3 {[%emt 0:00:04]} Nf6 {[%emt 0:00:08]} 27. Ne5 {[%emt 0:00:08]} Nxe5 {[%emt 0:00:09]} 28. dxe5 {[%emt 0:00:00]} Nd7 {[%emt 0:00:01]} 29. f4 {[%emt 0:00:07]} Rb3 {[%emt 0:00:05]} 30. Nd1 {[%emt 0:00:02]} c5 {[%emt 0:00:05]} 31. Qa2 {[%emt 0:00:06]} c4 {[%emt 0:00:02]} 32. Qa8+ {[%emt 0:00:02]} Kh7 {[%emt 0:00:07]} 33. Qxd5 {[%emt 0:00:00]} Nb6 {[%emt 0:00:01]} 34. Qd4 {[%emt 0:00:04]} Rb1 {[%emt 0:00:05]} 35. Qe4+ {[%emt 0:00:02]} g6 {[%emt 0:00:07]} 36. Qxb1 {[%emt 0:00:01]} Qc5 {[%emt 0:00:03]} 37. Qe4 {[%emt 0:00:04]} h5 {[%emt 0:00:07]} 38. Nc3 {[%emt 0:00:02]} Qa3 {[%emt 0:00:06]} 39. Ne2 {[%emt 0:00:07]} Qb3 {[%emt 0:00:04]} 40. f5 {[%emt 0:00:05]} Qb2 {[%emt 0:00:06]} 41. Rc2 {[%emt 0:00:08]} Qb1+ {[%emt 0:00:05]} 42. Kh2 {[%emt 0:00:01]} Qf1 {[%emt 0:00:11]} 43. e6 {[%emt 0:00:07]} gxf5 {[%emt 0:00:09]} 44. Qf4 {[%emt 0:00:05]} Qxf4+ {[%emt 0:00:07]} 45. Nxf4 {[%emt 0:00:00]} fxe6 {[%emt 0:00:01]} 46. Nxe6 {[%emt 0:00:01]} Kg6 {[%emt 0:00:01]} 47. Nf4+ {[%emt 0:00:02]} Kg5 {[%emt 0:00:02]} 48. g3 {[%emt 0:00:04]} h4 {[%emt 0:00:01]} 49. gxh4+ {[%emt 0:00:01]} Kxh4 {[%emt 0:00:01] Matanant resigns (Lag: Av=0.70s, max=1.2s)} 1-0